| 000 | 00521nam a2200205Ia 4500 | ||
|---|---|---|---|
| 003 | OSt | ||
| 005 | 20250801153832.0 | ||
| 008 | 250729s2005 xx 000 0 und d | ||
| 020 | _a978-8171419395 | ||
| 040 | _cAl | ||
| 041 | _aeng | ||
| 082 | _a157 REDB | ||
| 100 |
_aReddy Lokhanadha G _9220701 |
||
| 245 | _aBehaviour Discovers in Children | ||
| 260 |
_aNew Delhi _bDiscovery Publishing House _c2005 |
||
| 300 | _a395p | ||
| 650 |
_aPsychology _9220702 |
||
| 700 |
_aShantha Kumari _9220703 |
||
| 942 |
_2ddc _cBED |
||
| 999 |
_c234697 _d234697 |
||